| 000 | 00618nam a2200205 a 4500 | ||
|---|---|---|---|
| 001 | 1355 | ||
| 003 | CDMR | ||
| 005 | 20130610120330.0 | ||
| 008 | 130130s1982||||||||||||||||||||||||||||d | ||
| 020 | _a8429718265 | ||
| 040 |
_aCDMR _bcat _cCDMR |
||
| 100 | 1 |
_aOrs, Eugeni d' _91050 |
|
| 245 | 1 | 0 |
_aGlosari _cEugeni d'Ors ; a cura de Josep Murgades _b: selecció |
| 260 |
_aBarcelona _c1982 _bEdicions 62 |
||
| 300 |
_a336 p ; _c19 cm |
||
| 490 | 0 |
_aLes millors obres de la literatura catalana _v74 |
|
| 650 | 0 | 4 |
_aPeriodistes catalans _vRecull d'escrits _93727 |
| 700 | 1 |
_aMurgades, Josep _eed. lit. _91052 |
|
| 942 |
_cMON _2udc |
||
| 999 |
_c1355 _d1355 |
||